000
00239 a2200097 4500
001
41491
100
_a
Hornby, A
245
_a
Oxford advanced learner's Dictionary Current English
260
_a
London
_b
Macmillan
_c
090
_c
25652
_d
25652
942
_a
NUST-CAE
_c
M
_c
17394
999
_c
276564
_d
276564